International Journal of Oral Health Dentistry (Record no. 30237)

MARC details
000 -LEADER
fixed length control field 00249nam a22000977a 4500
003 - CONTROL NUMBER IDENTIFIER
control field SGT
245 ## - TITLE STATEMENT
Title International Journal of Oral Health Dentistry
260 ## - PUBLICATION, DISTRIBUTION, ETC. (IMPRINT)
Name of publisher, distributor, etc Innovative Publisher
Year of Publication 2015,2017,2019,2020
300 ## - PAGE DESCRIPTION
No. of Pages 210,240,240,320
942 ## - ADDED ENTRY ELEMENTS (KOHA)
Source of classification or shelving scheme Dewey Decimal Classification
Koha item type Back Volumes
Holdings
Withdrawn status Lost status Source of classification or shelving scheme Damaged status Use restrictions Not for loan Home library Current library Date acquired Volume Information (Serial or Books or Non-Book Material) SGTU Accession No. (Barcode) Date last seen Bill Date Koha item type
    Dewey Decimal Classification   Restricted Access Not For Loan SGT Dental Library SGT Dental Library 07/03/2025 Vol.1 SGTU PD1172 07/03/2025 07/03/2025 Back Volumes
    Dewey Decimal Classification   Restricted Access Not For Loan SGT Dental Library SGT Dental Library 07/03/2025 Vol.3 SGTU PD1173 07/03/2025 07/03/2025 Back Volumes
    Dewey Decimal Classification   Restricted Access Not For Loan SGT Dental Library SGT Dental Library 07/03/2025 Vol.5 SGTU PD1174 07/03/2025 07/03/2025 Back Volumes
    Dewey Decimal Classification   Restricted Access Not For Loan SGT Dental Library SGT Dental Library 07/03/2025 Vol.6 SGTU PD1175 07/03/2025 07/03/2025 Back Volumes